00962nam a22001817a 4500003001000000005001700010008004100027040001400068041000700082100002000089245003300109260002300142300001100165500005200176520051700228650002400745654001100769IT-MiCISF20170124163349.0170124b xxu||||| |||| 00| 0 eng d cIT-MiCISF ait aAntonelli Ennio aPer vivere l'Amoris Laetitia aMilanobAresc2016 app. 69 apastorale-familiare, magistero, amoris-laetitia aIl Presidente emerito del Pontificio Consiglio della Famiglia offre in queste pagine una lettura dell’esortazione apostolica di papa Francesco ricca di spunti di riflessione e di vita pratica. Un compendio denso di consigli per aiutare gli sposi a vivere nella stessa fedeltà d’amore di Dio; e per aiutare i sacerdoti e gli operatori della pastorale famigliare ad accompagnare gli sposi, anche divorziati, con uno sguardo di misericordia attento alle Verità di vita che Gesù ha esposto nel suo Vangelo. apastorale-familiare asaggio